Bỉ vỏ

Na minha lista:
Detalhes bibliográficos
Autor principal: Nguyễn Nguyên Hồng
Formato: Livro
Idioma:Undetermined
Publicado em: Hà Nội Hội Nhà Văn 1999
Assuntos:
Tags: Adicionar Tag
Sem tags, seja o primeiro a adicionar uma tag!
Thư viện lưu trữ: Trung tâm Học liệu Trường Đại học Cần Thơ
LEADER 00576nam a2200193Ia 4500
001 CTU_34447
008 210402s9999 xx 000 0 und d
020 |b 21.000đ 
082 |a 895.922331 
082 |b H455b 
100 |a Nguyễn Nguyên Hồng 
245 0 |a Bỉ vỏ 
245 0 |c Nguyễn Nguyên Hồng 
260 |a Hà Nội 
260 |b Hội Nhà Văn 
260 |c 1999 
650 |a vietnamese fiction - 20th century,vietnamese literature - 20th century 
904 |i Minh, 991209 
980 |a Trung tâm Học liệu Trường Đại học Cần Thơ